000 00790nam a2200229Ia 4500
003 GCL
008 140319s9999 xx 000 0 ara d
040 _aGCL /
_cGCL
082 0 4 _a811.4
_bم ش
100 1 _aابوالعلاء المعرى
245 1 0 _aشرح ديوان حماسةابى تمام /
_cابوالعلاء المعرى
700 1 _aاحمد بن عبدالله بن صالح
700 1 _aحسين محمد نقشة
700 1 _aابوتمام : حبيب بن اوس بن الحارث بن قيس الطائى
260 _a[S.N] :
_bدار الغرب الاسلامى ،
_c1991
300 _aمتعددة
490 _a
650 0 4 _aالشعر العربى
650 0 4 _aالشعر الحماسى
650 0 4 _aدواوين وقصائد
942 _2ddc
_cBK
999 _c56351
_d56351